First come the night : (Record no. 131170)

MARC details
000 -LEADER
fixed length control field 00760nam a22002417a 4500
005 - DATE AND TIME OF LATEST TRANSACTION
control field 20170124110123.0
010 ## - LIBRARY OF CONGRESS CONTROL NUMBER
LC control number A-953284
020 ## - INTERNATIONAL STANDARD BOOK NUMBER
Terms of availability 60.00
International Standard Book Number 8126004959
035 ## - SYSTEM CONTROL NUMBER
System control number A-953284
037 ## - SOURCE OF ACQUISITION
Source of stock number/acquisition Cen Lib/Ret
040 ## - CATALOGING SOURCE
Original cataloging agency DPL
Language of cataloging EN
082 ## - DEWEY DECIMAL CLASSIFICATION NUMBER
Classification number S
Item number AAD
100 ## - MAIN ENTRY--PERSONAL NAME
Personal name Aadhavan
9 (RLIN) 31046
245 ## - TITLE STATEMENT
Title First come the night :
Statement of responsibility, etc by Aadhavan ; translated by Sunderesan
Remainder of title Mudhalil iravu varum /
260 ## - PUBLICATION, DISTRIBUTION, ETC. (IMPRINT)
Place of publication, distribution, etc New Delhi
Name of publisher, distributor, etc Sahitya Akademi
Date of publication, distribution, etc 1998
270 ## - ADDRESS
Address Rabindra Bhavan,35,Ferozeshah Road
City New Delhi
Postal code 110001
300 ## - PHYSICAL DESCRIPTION
Extent 140p.
Dimensions 21cm(Hb)
490 ## - SERIES STATEMENT
Series statement Sahatya Akademi Award winning Tamil Short stories
650 ## - SUBJECT ADDED ENTRY--TOPICAL TERM
Topical term or geographic name as entry element Short stories, Tamil
9 (RLIN) 106196
650 ## - SUBJECT ADDED ENTRY--TOPICAL TERM
Topical term or geographic name as entry element Short stories, Telugu
9 (RLIN) 29245
700 ## - ADDED ENTRY--PERSONAL NAME
Personal name Sunderesan
9 (RLIN) 106197
942 ## - ADDED ENTRY ELEMENTS (KOHA)
Source of classification or shelving scheme Dewey Decimal Classification
Koha item type English Books
Classification part S
Call number suffix AAD
Holdings
Withdrawn status Lost status Damaged status Not for loan Home library Current library Date acquired Source of acquisition Cost, normal purchase price Total Checkouts Full call number Barcode Date last seen Copy number Cost, replacement price Price effective from Koha item type Public note
Written off       Central Library Central Library 13/07/2015 Cen Lib/Ret 60.00   S AAD A-953284 13/07/2015 1 60.00 13/07/2015 English Books W/d List No. 6851/22 : dtd 18/7/20

© Delhi Public Library
Hit Counter
free hit counter